00534nam a2200169Ia 4500003000900000008004100009020001800050040001600068080001700084100002200101245012200123250001200245260003600257300001500293650004100308650001500349IN-BaIIA211028s9999 xx 000 0 eng d a0-387-07970-X cIIA Library a524.834bRIN aRindler, Wolfgang 0aEssential relativitybspecial, general, and cosmologicalcWolfgang Rindler  a2nd ed. aNew YorkbSpringer-Verlagc1977 axiv, 284p. aAstronomy and astrophysics thesaurus aRelativity